Slovensko-nemecký frazeologický slovník obchodnej korešpondencie /

Salvato in:
Dettagli Bibliografici
Autore principale: Závada, Dušan (Autore)
Natura: Libro
Lingua:multilingua
Pubblicazione: Bratislava : Alfa, 1980
Edizione:1.vyd.
Soggetti:
Tags: Aggiungi Tag
Nessun Tag, puoi essere il primo ad aggiungerne!!

MARC

LEADER 00000nam a22000003a 4500
001 stu45075
005 20150617225718.4
008 951106s1980----cs------------------mul-d
040 |a STU  |b slo 
041 0 |a mul 
044 |a cs 
080 |a 801.316.4=854=40 
080 |a 339  |7 stu_us_auth*stu8087 
100 1 |a Závada, Dušan  |4 aut 
245 1 |a Slovensko-nemecký frazeologický slovník obchodnej korešpondencie /  |c [aut.]Dušan Závada 
250 |a 1.vyd. 
260 |a Bratislava :  |b Alfa,  |c 1980 
300 |a 579 s 
650 7 |a obchod  |2 stusub 
650 7 |a slovníky frazeologické  |2 stusub 
650 7 |a Slovníky frazeologické slovensko nemecké  |2 stusub 
996 |b 284M046106  |c M*811-1  |l MMKN  |s A  |a 24  |w stu45075_0001 
996 |b 284M015506  |c M*811-2  |l MMKN  |s A  |a 24  |w stu45075_0002